Radical strategy : (Record no. 7286)
[ view plain ]
| 000 -LEADER | |
|---|---|
| fixed length control field | 00881nam a2200253 a 4500 |
| 001 - CONTROL NUMBER | |
| control field | 4495549 |
| 003 - CONTROL NUMBER IDENTIFIER | |
| control field | GZU |
| 005 - DATE AND TIME OF LATEST TRANSACTION | |
| control field | 20210506105645.0 |
| 008 - FIXED-LENGTH DATA ELEMENTS--GENERAL INFORMATION | |
| fixed length control field | 970325s1997 sa a b 001 0 eng |
| 010 ## - LIBRARY OF CONGRESS CONTROL NUMBER | |
| LC control number | 97131953 |
| 020 ## - INTERNATIONAL STANDARD BOOK NUMBER | |
| International Standard Book Number | 1875015922 |
| 040 ## - CATALOGING SOURCE | |
| Original cataloging agency | DLC |
| Transcribing agency | DLC |
| 043 ## - GEOGRAPHIC AREA CODE | |
| Geographic area code | f-sa--- |
| 050 00 - LIBRARY OF CONGRESS CALL NUMBER | |
| Classification number | HD70.S6 |
| Item number | M36 1997 |
| 100 1# - MAIN ENTRY--PERSONAL NAME | |
| Personal name | Manning, Anthony D. |
| 245 10 - TITLE STATEMENT | |
| Title | Radical strategy : |
| Remainder of title | how to use strategic conversation to win in an age of hostile competition / |
| Statement of responsibility, etc. | Tony Manning. |
| 260 ## - PUBLICATION, DISTRIBUTION, ETC. | |
| Place of publication, distribution, etc. | Wynberg, Sandton : |
| Name of publisher, distributor, etc. | Zebra Press, |
| Date of publication, distribution, etc. | 1997. |
| 300 ## - PHYSICAL DESCRIPTION | |
| Extent | 272 p. : |
| Other physical details | ill. ; |
| Dimensions | 23 cm. |
| 504 ## - BIBLIOGRAPHY, ETC. NOTE | |
| Bibliography, etc. note | Includes bibliographical references and index. |
| 650 #0 - SUBJECT ADDED ENTRY--TOPICAL TERM | |
| Topical term or geographic name entry element | Industrial management |
| 906 ## - LOCAL DATA ELEMENT F, LDF (RLIN) | |
| a | 7 |
| b | cbc |
| c | orignew |
| d | 2 |
| e | ncip |
| f | 19 |
| g | y-gencatlg |
| 942 ## - ADDED ENTRY ELEMENTS (KOHA) | |
| Source of classification or shelving scheme | Library of Congress Classification |
| Koha item type | Books |
| Edition | 2nd |
| Classification part | 70 |
| Item part | MAN |
| Call number prefix | HD |
| Call number suffix | 1997 |
| Withdrawn status | Lost status | Damaged status | Not for loan | Collection code | Home library | Current library | Shelving location | Date acquired | Total Checkouts | Full call number | Barcode | Date last seen | Copy number | Price effective from | Koha item type |
|---|---|---|---|---|---|---|---|---|---|---|---|---|---|---|---|
| Non-fiction | Mashava Campus Library | Mashava Campus Library | General Stacks | 05/06/2021 | HD 70 MAN 1997 | B017900 | 05/06/2021 | c.1 | 05/06/2021 | Books |